[Event "Krajsky prebor jednotlivcu KHSS"]
[Site "Janske Lazne"]
[Date "2015.05.09"]
[Round "7.24"]
[White "Tsapanidis, Vasilis"]
[Black "Dumkova, Daniela"]
[Result "1/2-1/2"]
[WhiteElo "1795"]
[BlackElo "1698"]
[PlyCount "96"]
[EventDate "2015.05.05"]

1. Nf3 Nf6 2. d4 e6 3. Bg5 Be7 4. Nbd2 d5 5. e3 Nbd7 6. Bd3 h6 7. Bh4 O-O 8.
O-O c5 9. c3 a6 10. e4 dxe4 11. Nxe4 Nxe4 12. Bxe7 Qxe7 13. Bxe4 Nf6 14. Qe2
Nxe4 15. Qxe4 cxd4 16. Nxd4 Qc7 17. Rfe1 Bd7 18. Re3 Rac8 19. Rae1 Rfe8 20. Nf3
Bc6 21. Qg4 Bxf3 22. Qxf3 Red8 23. Rd3 Rxd3 24. Qxd3 Rd8 25. Qe2 Qb6 26. b3 Qa5
27. Rc1 Qd5 28. h3 Qd2 29. Rc2 Qxe2 30. Rxe2 b5 31. Rc2 e5 32. f3 Kf8 33. Kf2
Ke7 34. Ke3 f5 35. b4 Rc8 36. Kd3 Rc4 37. Re2 Ke6 38. a4 Kd5 39. axb5 axb5 40.
Ra2 e4+ 41. fxe4+ fxe4+ 42. Kd2 Rc7 43. Ra8 Kc4 44. Kc2 Kd5 45. Rd8+ Kc6 46.
Rd4 Rf7 47. Rxe4 Rf2+ 48. Kd3 Rxg2 1/2-1/2

[Event "Krajsky prebor jednotlivcu KHSS"]
[Site "Janske Lazne"]
[Date "2015.05.09"]
[Round "7.25"]
[White "Vorisek, Jakub"]
[Black "Bulockin, Martin"]
[Result "1/2-1/2"]
[WhiteElo "1675"]
[BlackElo "1789"]
[PlyCount "104"]
[EventDate "2015.05.05"]

1. c4 Nf6 2. Nc3 g6 3. e4 d6 4. d4 Bg7 5. g3 O-O 6. Bg2 Nbd7 7. Nge2 e5 8. O-O
Ne8 9. d5 f5 10. f3 fxe4 11. Nxe4 Nef6 12. N2c3 Nxe4 13. Nxe4 Nf6 14. Bg5 Bf5
15. Qe2 Qe8 16. Rae1 Rb8 17. b3 Nd7 18. Be3 b6 19. Nc3 Nc5 20. Ne4 a5 21. Rd1
Na6 22. Nc3 Bd7 23. Rb1 Qe7 24. a3 Bf5 25. Ne4 Bxe4 26. fxe4 Qd7 27. Rxf8+ Bxf8
28. Qf1 Bg7 29. Bh3 Qe7 30. Qg2 Rf8 31. Rf1 Nc5 32. Rxf8+ Qxf8 33. b4 axb4 34.
axb4 Nb3 35. Be6+ Kh8 36. Qf2 Qf6 37. Qa2 Nd4 38. Bxd4 exd4 39. Qf2 Qxf2+ 40.
Kxf2 Be5 41. Kf3 Kg7 42. Ke2 Kf6 43. Kf3 Kg5 44. Kf2 h5 45. Kf3 h4 46. gxh4+
Kxh4 47. h3 g5 48. Ke2 Kg3 49. Kd3 Kf2 50. Bd7 Ke1 51. Bg4 Bf4 52. b5 Be5
1/2-1/2

[Event "Krajsky prebor jednotlivcu KHSS"]
[Site "Janske Lazne"]
[Date "2015.05.09"]
[Round "7.26"]
[White "Nosek, Jan"]
[Black "Jina, Lubos"]
[Result "1-0"]
[WhiteElo "1833"]
[BlackElo "1772"]
[PlyCount "149"]
[EventDate "2015.05.05"]

1. e4 c5 2. Nf3 Nc6 3. d4 cxd4 4. Nxd4 e6 5. Nc3 a6 6. Be2 Nf6 7. O-O Be7 8.
Be3 d6 9. a4 O-O 10. Kh1 Bd7 11. f4 Qc7 12. Nb3 Na5 13. Nxa5 Qxa5 14. Bf3 Bc6
15. Qe1 Qc7 16. a5 Nd7 17. Na4 Bxa4 18. Rxa4 Qxc2 19. Rb4 Qc8 20. Qg3 Nc5 21.
Rc1 Qd7 22. e5 Rab8 23. exd6 Bxd6 24. Bxc5 Bxc5 25. Rxc5 Qd6 26. Rbc4 b5 27.
axb6 Qxb6 28. Rc2 Qd6 29. Rc6 Qd3 30. h3 a5 31. R6c3 Qd4 32. Rc4 Qf6 33. Qf2
Qe7 34. Qc5 Qf6 35. Qd4 Qf5 36. Be4 Qb5 37. Qc5 Qa6 38. Kh2 Rb5 39. Qc6 Rb6 40.
Qc5 Rb5 41. Qc6 Rb6 42. Qa4 g6 43. Rc6 Rfb8 44. Rxb6 Rxb6 45. Qe8+ Kg7 46. Qc8
Qb5 47. Qc3+ Kh6 48. Qd2 f5 49. Bd3 Qd5 50. Qe3 Qb3 51. Qd2 Rd6 52. Rc3 Qb4 53.
Qf2 Rd7 54. Bc4 Qe7 55. Re3 Qb4 56. Bxe6 Rd2 57. Qh4+ Kg7 58. Rb3 Qe4 59. Qe7+
Kh6 60. Qg5+ Kg7 61. Qe7+ Kh6 62. Qg5+ Kg7 63. Bc8 Qc6 64. Rb7+ Kg8 65. Rb8 Kf7
66. Rb7+ Kg8 67. Rb8 Kf7 68. Bb7 Qc7 69. Rh8 Kg7 70. Re8 Kf7 71. Rh8 Kg7 72.
Re8 Kf7 73. Bc6 Rd6 74. Qh6 Rxc6 75. Qf8# 1-0

[Event "Krajsky prebor jednotlivcu KHSS"]
[Site "Janske Lazne"]
[Date "2015.05.09"]
[Round "7.27"]
[White "Svec, Ludek"]
[Black "Tobiskova, Petra"]
[Result "0-1"]
[WhiteElo "1714"]
[BlackElo "1777"]
[PlyCount "98"]
[EventDate "2015.05.05"]

1. d4 Nf6 2. c4 e6 3. Nc3 d5 4. Nf3 c6 5. g3 dxc4 6. Ne5 Bb4 7. Bg2 Nd5 8. Bd2
Nd7 9. Nxc4 N7b6 10. Ne5 f6 11. Nd3 Bd6 12. Ne4 Be7 13. Rc1 Nd7 14. O-O O-O 15.
Ndc5 Nxc5 16. Nxc5 b6 17. Nb3 Bb7 18. a3 Bd6 19. e4 Ne7 20. Re1 Ng6 21. f4 e5
22. dxe5 fxe5 23. f5 Ne7 24. Qg4 Qe8 25. Bf1 Kh8 26. Bc4 Bc8 27. Qd1 b5 28. Be2
Qd8 29. Nc5 Bxc5+ 30. Rxc5 Qd4+ 31. Kf1 Qxc5 32. Bb4 Qb6 33. Bxe7 Rf7 34. Qd6
Bxf5 35. Qc5 Bxe4+ 36. Kg1 Qxc5+ 37. Bxc5 Bd5 38. Bh5 g6 39. Bg4 Re8 40. Rf1
Rxf1+ 41. Kxf1 a6 42. Ke2 Kg7 43. Ke3 h5 44. Bh3 Kf6 45. Ke2 g5 46. g4 hxg4 47.
Bxg4 Rh8 48. h3 Be6 49. Kf3 Rd8 0-1

[Event "Krajsky prebor jednotlivcu KHSS"]
[Site "Janske Lazne"]
[Date "2015.05.10"]
[Round "8.1"]
[White "Vojta, Tomas"]
[Black "Cap, Adam"]
[Result "1/2-1/2"]
[WhiteElo "2369"]
[BlackElo "2195"]
[PlyCount "56"]
[EventDate "2015.05.05"]
[WhiteClock "0:39:20"]
[BlackClock "0:10:45"]

1. d4 d5 2. Nf3 Nf6 3. Bf4 e6 4. e3 Bd6 5. Bg3 O-O 6. Nbd2 c5 7. c3 b6 8. Ne5
Ba6 9. Bxa6 Nxa6 10. O-O Nb8 11. f4 Qc7 12. Qf3 Nc6 13. Rae1 Rac8 14. Kh1 Rfd8
15. Bh4 Be7 16. Bxf6 Bxf6 17. Qh3 Be7 18. Ndf3 f5 19. g4 Rf8 20. g5 Nxe5 21.
Nxe5 Bd6 22. g6 h6 23. Nf7 Rxf7 24. gxf7+ Qxf7 25. Re2 Kh7 26. Rg2 g6 27. Qf3
Rg8 28. Rfg1 Be7 1/2-1/2

[Event "Krajsky prebor jednotlivcu KHSS"]
[Site "Janske Lazne"]
[Date "2015.05.10"]
[Round "8.2"]
[White "Kowalczyk, Pawel"]
[Black "Jedlicka, Lubos"]
[Result "1/2-1/2"]
[WhiteElo "2292"]
[BlackElo "2210"]
[PlyCount "97"]
[EventDate "2015.05.05"]
[WhiteClock "0:57:50"]
[BlackClock "0:14:52"]

1. Nf3 Nf6 2. b3 g6 3. Bb2 Bg7 4. c4 c5 5. g3 O-O 6. Bg2 d5 7. cxd5 Nxd5 8.
Bxg7 Kxg7 9. Qc2 b6 10. O-O Bb7 11. Na3 Nc6 12. Rad1 Rc8 13. Qb2+ Nf6 14. d4
cxd4 15. Nxd4 Qc7 16. Nab5 Qb8 17. Nxc6 Bxc6 18. Bxc6 Rxc6 19. e3 a6 20. Nd4
Rc7 21. e4 e5 22. Nf3 Re7 23. Rfe1 Rfe8 24. Qa3 Qb7 25. Qb4 a5 26. Qc4 Rc7 27.
Qe2 Rd7 28. Rc1 Rc7 29. Nd2 Rxc1 30. Rxc1 Rc8 31. Rxc8 Qxc8 32. Nc4 Qc5 33. Qd3
Ng4 34. Qd2 a4 35. h3 axb3 36. axb3 Nf6 37. Qd3 b5 38. Nd6 Qc1+ 39. Kg2 b4 40.
Nc4 Qc3 41. Qxc3 bxc3 42. Nxe5 Nxe4 43. Nd3 Kf6 44. f3 Nd2 45. Nc1 Ke5 46. Kf2
Kd4 47. Ke2 Nb1 48. Kd1 Na3 49. Ke2 1/2-1/2

[Event "Krajsky prebor jednotlivcu KHSS"]
[Site "Janske Lazne"]
[Date "2015.05.10"]
[Round "8.3"]
[White "Karlik, Vladimir"]
[Black "Valenta, Vit"]
[Result "1-0"]
[WhiteElo "2312"]
[BlackElo "2167"]
[PlyCount "113"]
[EventDate "2015.05.05"]
[WhiteClock "0:08:03"]
[BlackClock "0:05:37"]

1. d4 Nf6 2. Nf3 b6 3. Bf4 Bb7 4. e3 g6 5. c4 Bg7 6. Nc3 O-O 7. Be2 d6 8. h3
Nbd7 9. O-O Re8 10. Qc2 e5 11. Bh2 exd4 12. exd4 Ne4 13. Rfe1 Nxc3 14. bxc3 Qf6
15. Bg3 h6 16. Bh4 g5 17. Bg3 Nf8 18. Nh2 Be4 19. Qa4 Ne6 20. Bh5 Qf5 21. Ng4
Nf4 22. Ne3 Qc8 23. Bxf4 gxf4 24. Nd5 b5 25. Qd1 bxc4 26. Nxf4 Qf5 27. g3 Rab8
28. Qa4 Qb5 29. Qxa7 Qc6 30. Qa3 Rb5 31. d5 Bxd5 32. Rad1 Rxe1+ 33. Rxe1 Rb8
34. Qc1 Qc5 35. Qc2 Be5 36. Nxd5 Qxd5 37. Qf5 Qd2 38. Re4 Rf8 39. Rxc4 c5 40.
Rg4+ Bg7 41. c4 Qc3 42. Kg2 Qe5 43. Qf3 f5 44. Rf4 Kh7 45. Qd3 Kg8 46. Bg6 h5
47. Rxf5 Rxf5 48. Qxf5 Qxf5 49. Bxf5 Bf6 50. a4 Bd8 51. Bg6 h4 52. g4 Kg7 53.
Be4 Bc7 54. Bd5 Ba5 55. f4 Kf6 56. Kf3 Bd2 57. g5+ 1-0

[Event "Krajsky prebor jednotlivcu KHSS"]
[Site "Janske Lazne"]
[Date "2015.05.10"]
[Round "8.4"]
[White "Kaderabek, Jiri"]
[Black "Kozusek, Daniel"]
[Result "0-1"]
[WhiteElo "2171"]
[BlackElo "2337"]
[PlyCount "40"]
[EventDate "2015.05.05"]
[WhiteClock "0:25:37"]
[BlackClock "0:55:01"]

1. d4 e6 2. Nf3 c5 3. e4 cxd4 4. Nxd4 a6 5. Bd3 Bc5 6. Nb3 Ba7 7. O-O Ne7 8.
Bg5 Nbc6 9. Nc3 d6 10. Qe2 O-O 11. a4 Qc7 12. Rad1 Nd4 13. Qh5 Ng6 14. e5 dxe5
15. Bxg6 hxg6 16. Qh4 f6 17. Ne4 Nf5 18. Qg4 fxg5 19. Qxg5 Qf7 20. Rd3 Bd7 0-1

[Event "Krajsky prebor jednotlivcu KHSS"]
[Site "Janske Lazne"]
[Date "2015.05.10"]
[Round "8.5"]
[White "Smajzr, Martin"]
[Black "Tazlar, Petr"]
[Result "0-1"]
[WhiteElo "2204"]
[BlackElo "2229"]
[PlyCount "64"]
[EventDate "2015.05.05"]
[WhiteClock "0:27:40"]
[BlackClock "0:31:03"]

1. d4 d5 2. Nf3 Nf6 3. e3 Bg4 4. Be2 e6 5. O-O Bd6 6. b3 O-O 7. Nbd2 Nbd7 8. h3
Bh5 9. g4 Bg6 10. Nh4 Ne4 11. Nxg6 Nc3 12. Qe1 Nxe2+ 13. Qxe2 hxg6 14. e4 Bf4
15. e5 c5 16. c3 cxd4 17. cxd4 Qb6 18. Nf3 Bxc1 19. Raxc1 Rac8 20. Qd2 Nb8 21.
h4 Nc6 22. h5 gxh5 23. gxh5 f6 24. exf6 Rxf6 25. Ne5 Rd8 26. Nxc6 bxc6 27. Qe3
Kh8 28. Rc2 Rdf8 29. Rfc1 Rf4 30. Rxc6 Rg4+ 31. Kf1 Qb5+ 32. Ke1 Re4 0-1

[Event "Krajsky prebor jednotlivcu KHSS"]
[Site "Janske Lazne"]
[Date "2015.05.10"]
[Round "8.6"]
[White "Moravec, Vit"]
[Black "Framberk, Jan"]
[Result "1-0"]
[WhiteElo "2222"]
[BlackElo "2050"]
[PlyCount "85"]
[EventDate "2015.05.05"]
[WhiteClock "0:11:16"]
[BlackClock "0:22:19"]

1. c4 Nf6 2. Nf3 g6 3. g3 Bg7 4. Bg2 O-O 5. O-O d6 6. Nc3 c6 7. d3 Re8 8. Rb1
a5 9. a3 Na6 10. b4 axb4 11. axb4 Bd7 12. Bd2 Rb8 13. Qb3 h6 14. h3 e5 15. Be3
Nh5 16. b5 Nc5 17. Bxc5 dxc5 18. Nd2 f5 19. bxc6 Bxc6 20. Bxc6 bxc6 21. Qxb8
Qxb8 22. Rxb8 Rxb8 23. Rb1 Rxb1+ 24. Ncxb1 Nf6 25. e4 Kf7 26. Nc3 Ke6 27. f3 h5
28. Nb3 Kd6 29. Na4 Nd7 30. Na5 Bf8 31. f4 Kc7 32. Kg2 Be7 33. Kf3 Bd6 34. Nb3
h4 35. exf5 gxf5 36. gxh4 exf4 37. h5 Be5 38. Naxc5 Nxc5 39. Nxc5 Kd6 40. Nb3
Ke6 41. d4 Bc7 42. Nc5+ Kf6 43. Na6 1-0

[Event "Krajsky prebor jednotlivcu KHSS"]
[Site "Janske Lazne"]
[Date "2015.05.10"]
[Round "8.7"]
[White "Soural, Jan"]
[Black "Juricek, Stanislav"]
[Result "1-0"]
[WhiteElo "2211"]
[BlackElo "2097"]
[PlyCount "49"]
[EventDate "2015.05.05"]
[WhiteClock "0:02:56"]
[BlackClock "0:43:19"]

1. d4 d5 2. c4 dxc4 3. e3 e5 4. Bxc4 exd4 5. exd4 Nf6 6. Nf3 Be7 7. O-O O-O 8.
Nc3 c6 9. Ne5 Nbd7 10. Qb3 Nxe5 11. dxe5 Nd7 12. Bxf7+ Kh8 13. e6 Ne5 14. Re1
Qc7 15. Bf4 Nf3+ 16. gxf3 Qxf4 17. Ne4 Rb8 18. Qe3 Qf5 19. Ng3 Qa5 20. Rad1 Ra8
21. Qe4 Qc7 22. Nf5 Rd8 23. Qg4 Bf6 24. Rxd8+ Qxd8 25. e7 1-0

[Event "Krajsky prebor jednotlivcu KHSS"]
[Site "Janske Lazne"]
[Date "2015.05.10"]
[Round "8.8"]
[White "Mladek, Richard"]
[Black "Kabelka, Ondrej"]
[Result "1-0"]
[WhiteElo "1904"]
[BlackElo "1737"]
[PlyCount "83"]
[EventDate "2015.05.05"]
[WhiteClock "0:11:03"]
[BlackClock "0:01:20"]

1. e4 e6 2. d4 d5 3. Nd2 Nc6 4. c3 e5 5. exd5 Qxd5 6. Ngf3 exd4 7. Bc4 Qf5 8.
O-O Be6 9. Bxe6 fxe6 10. cxd4 O-O-O 11. Nb3 Nf6 12. Qe2 Bd6 13. Be3 Qd5 14.
Rfd1 Kb8 15. Rac1 h6 16. Nc5 g5 17. Nxe6 Rdg8 18. Qc4 g4 19. Nh4 Qh5 20. g3 Nd5
21. Ng2 Qf5 22. Nef4 Nb6 23. Qe6 Qa5 24. a3 h5 25. Nh4 Re8 26. Qf5 Qa4 27. Nhg6
Rhg8 28. Nxh5 Ne7 29. Nxe7 Rxe7 30. Nf4 Nc4 31. Nd5 Reg7 32. Qc2 Qxc2 33. Rxc2
Nb6 34. Nxb6 axb6 35. d5 Rh7 36. Rc4 Rh5 37. Rdd4 Rgh8 38. Rxg4 Rxh2 39. Bd4
Rh1+ 40. Kg2 R8h2+ 41. Kf3 c5 42. dxc6 1-0

[Event "Krajsky prebor jednotlivcu KHSS"]
[Site "Janske Lazne"]
[Date "2015.05.10"]
[Round "8.9"]
[White "Chalupecky, Vladimir"]
[Black "Haman, Jakub"]
[Result "0-1"]
[WhiteElo "1962"]
[BlackElo "2137"]
[PlyCount "70"]
[EventDate "2015.05.05"]

1. e4 d6 2. d4 Nf6 3. Nc3 g6 4. f3 c6 5. Be3 Nbd7 6. Qd2 b5 7. d5 cxd5 8. Nxd5
a6 9. a4 bxa4 10. Rxa4 Bg7 11. b4 Bb7 12. Bc4 O-O 13. Ne2 Nxd5 14. Bxd5 Bxd5
15. exd5 Nb6 16. Bxb6 Qxb6 17. Qd3 Rfc8 18. h4 Ra7 19. h5 Rac7 20. hxg6 hxg6
21. Qxa6 Qe3 22. Ra3 Bc3+ 23. Kf1 Qd2 24. Rxc3 Qd1+ 25. Kf2 Qxh1 26. Rxc7 Rxc7
27. c3 Qh4+ 28. Ke3 Qg5+ 29. Kd3 Qxg2 30. Qa8+ Kg7 31. Ke3 Qg5+ 32. f4 Qf5 33.
b5 Qb1 34. Qb8 Rc4 35. b6 Re4+ 0-1

[Event "Krajsky prebor jednotlivcu KHSS"]
[Site "Janske Lazne"]
[Date "2015.05.10"]
[Round "8.10"]
[White "Tovarek, Antonin"]
[Black "Vystrcil, Martin"]
[Result "1/2-1/2"]
[WhiteElo "1963"]
[BlackElo "1999"]
[PlyCount "102"]
[EventDate "2015.05.05"]

1. e4 c5 2. c3 d5 3. exd5 Qxd5 4. d4 Nf6 5. Nf3 e6 6. Be2 Nc6 7. O-O Be7 8. Na3
a6 9. Nc4 Qd8 10. a4 O-O 11. a5 Nd5 12. Nfe5 cxd4 13. cxd4 Nxe5 14. dxe5 Bd7
15. Bd3 Nb4 16. Be4 Bc6 17. Qg4 Bxe4 18. Qxe4 Nc6 19. Nb6 Rb8 20. Be3 Bb4 21.
Rfd1 Qc7 22. Nd7 Bxa5 23. Nxf8 Rxf8 24. Bc5 Rc8 25. b4 Bb6 26. Bd6 Qd8 27. Rd3
Bc7 28. Rad1 Bxd6 29. Rxd6 Qb6 30. Rd7 Qb5 31. f4 g6 32. Rc1 Qb6+ 33. Kh1 Rd8
34. Rcd1 Rxd7 35. Rxd7 Qb5 36. h3 Kf8 37. Rc7 Qb6 38. Rc8+ Kg7 39. Qe1 Qxb4 40.
Qh4 Nxe5 41. Qg3 Nc4 42. Qd3 Nb6 43. Rc1 Qxf4 44. Rf1 Qc7 45. Qd4+ Kg8 46. Qb2
Nc4 47. Qc3 b5 48. Rd1 a5 49. Qf6 Nd6 50. Qe5 Ne8 51. Qxb5 Ng7 1/2-1/2

[Event "Krajsky prebor jednotlivcu KHSS"]
[Site "Janske Lazne"]
[Date "2015.05.10"]
[Round "8.11"]
[White "Neubauer, Vilem"]
[Black "Safarik, Jakub"]
[Result "0-1"]
[WhiteElo "1797"]
[BlackElo "2138"]
[PlyCount "108"]
[EventDate "2015.05.05"]

1. f4 Nf6 2. Nf3 g6 3. g3 Bg7 4. Bg2 d5 5. O-O c5 6. d3 Nc6 7. Nc3 O-O 8. e4
Bg4 9. e5 Ne8 10. h3 Bxf3 11. Qxf3 e6 12. g4 Rb8 13. a4 a6 14. g5 Nd4 15. Qf2
Nf5 16. a5 Qe7 17. h4 h5 18. Ne2 Nc7 19. Bh3 Rfd8 20. Bxf5 exf5 21. b3 c4 22.
Ba3 Qe8 23. bxc4 dxc4 24. Bd6 Rbc8 25. dxc4 Ne6 26. c5 Qb5 27. Nc3 Qc4 28. Na4
Rc6 29. Nb6 Qc3 30. Nd5 Qc4 31. Ne7+ Kh7 32. Nxc6 bxc6 33. Rab1 Rd7 34. Rb6 Qe4
35. c3 Bf8 36. Rb4 Qd3 37. Qf3 Qd2 38. Rd1 Qc2 39. Qd3 Qa2 40. Qxa6 Nxc5 41.
Qxc6 Qe2 42. Qd5 Ne4 43. Rxe4 fxe4 44. Qd2 Qg4+ 45. Kf1 Qf3+ 46. Ke1 e3 47. Qh2
Bg7 48. Rd3 Rb7 49. Bb4 Bf8 50. Qe2 Qh1+ 51. Qf1 Qxh4+ 52. Kd1 Bxb4 53. cxb4
Rxb4 54. Kc2 Qh2+ 0-1

[Event "Krajsky prebor jednotlivcu KHSS"]
[Site "Janske Lazne"]
[Date "2015.05.10"]
[Round "8.12"]
[White "Malinovsky, Petr"]
[Black "Pycha, Patrik"]
[Result "1-0"]
[WhiteElo "1969"]
[BlackElo "2142"]
[PlyCount "63"]
[EventDate "2015.05.05"]

1. d4 Nf6 2. c4 e6 3. Nc3 d5 4. cxd5 exd5 5. Bg5 c6 6. Qc2 Be7 7. e3 Nbd7 8.
Bd3 Nf8 9. Nge2 Ne6 10. Bh4 g6 11. f3 O-O 12. O-O-O b5 13. Kb1 a5 14. e4 Ba6
15. e5 Nd7 16. Bf2 a4 17. h4 Qa5 18. h5 b4 19. Bxg6 bxc3 20. Bxh7+ Kh8 21. Nxc3
Bb4 22. Be1 Bc4 23. Bf5 Rfb8 24. Qc1 Kg7 25. Bxe6 fxe6 26. Qg5+ Kh7 27. Qg6+
Kh8 28. Rh4 Bxc3 29. Qh6+ Kg8 30. Rg4+ Kf7 31. Rg7+ Ke8 32. Qxe6+ 1-0

[Event "Krajsky prebor jednotlivcu KHSS"]
[Site "Janske Lazne"]
[Date "2015.05.10"]
[Round "8.13"]
[White "Rojikova, Lenka"]
[Black "Sedivy, Martin"]
[Result "1/2-1/2"]
[WhiteElo "1969"]
[BlackElo "2049"]
[PlyCount "55"]
[EventDate "2015.05.05"]

1. e4 e5 2. Bc4 Nf6 3. d4 Nc6 4. Nf3 exd4 5. e5 d5 6. Bb5 Ne4 7. Nxd4 Bd7 8.
Bxc6 bxc6 9. O-O Bc5 10. f3 Ng5 11. f4 Ne4 12. Be3 O-O 13. Nd2 f5 14. Nxe4 fxe4
15. Qd2 Bb6 16. Nb3 Qe7 17. Qc3 Bxe3+ 18. Qxe3 Qb4 19. c3 Qb6 20. Nc5 a5 21. a4
Bc8 22. Rfb1 Rxf4 23. Qxf4 Qxc5+ 24. Kh1 Ba6 25. Qd2 Bd3 26. b4 Qe7 27. Re1 c5
28. b5 1/2-1/2

[Event "Krajsky prebor jednotlivcu KHSS"]
[Site "Janske Lazne"]
[Date "2015.05.10"]
[Round "8.14"]
[White "Pychova, Nela"]
[Black "Kotyza, Bohumil"]
[Result "1/2-1/2"]
[WhiteElo "1980"]
[BlackElo "1872"]
[PlyCount "47"]
[EventDate "2015.05.05"]

1. c4 e6 2. Nf3 Nf6 3. g3 d5 4. b3 Be7 5. Bb2 O-O 6. Bg2 Nbd7 7. O-O Re8 8. Nc3
c6 9. Rc1 Bf8 10. Qc2 g6 11. Qb1 Bg7 12. Qa1 b6 13. Nd1 Bb7 14. Ne5 Nxe5 15.
Bxe5 Nh5 16. Bxg7 Nxg7 17. d4 Re7 18. Ne3 f5 19. Rfd1 Qf8 20. Qc3 Nh5 21. Nf1
Nf6 22. Nd2 Qh6 23. Qb4 Rae8 24. Qa3 1/2-1/2

[Event "Krajsky prebor jednotlivcu KHSS"]
[Site "Janske Lazne"]
[Date "2015.05.10"]
[Round "8.15"]
[White "Ruzickova, Radka"]
[Black "Peniska, Pavel"]
[Result "1/2-1/2"]
[WhiteElo "1777"]
[BlackElo "1929"]
[PlyCount "43"]
[EventDate "2015.05.05"]

1. e4 c5 2. Nc3 Nc6 3. g3 g6 4. Bg2 Bg7 5. d3 e6 6. f4 Nge7 7. Nf3 d5 8. e5 O-O
9. O-O f6 10. exf6 Bxf6 11. Ne2 d4 12. Ng5 Nd5 13. Ne4 Be7 14. Rf3 Nf6 15.
Nxf6+ Bxf6 16. g4 e5 17. h3 Be6 18. Ng3 Bd5 19. Ne4 Bxe4 20. dxe4 exf4 21. Bxf4
Ne5 22. Bxe5 1/2-1/2

[Event "Krajsky prebor jednotlivcu KHSS"]
[Site "Janske Lazne"]
[Date "2015.05.10"]
[Round "8.16"]
[White "Peroutka, Ivo"]
[Black "Sobotnik, Petr"]
[Result "1/2-1/2"]
[WhiteElo "1877"]
[BlackElo "2020"]
[PlyCount "87"]
[EventDate "2015.05.05"]

1. d4 g6 2. c4 Bg7 3. Nc3 d6 4. Nf3 Nf6 5. Bf4 Nh5 6. Bg3 O-O 7. e3 Nc6 8. Rc1
e5 9. d5 Ne7 10. e4 f5 11. Bh4 f4 12. Be2 Nf6 13. Kd2 c6 14. Kc2 cxd5 15. cxd5
a6 16. Kb1 b5 17. Qb3 h6 18. Bxf6 Bxf6 19. Rhf1 Bd7 20. Rc2 Qa5 21. a3 Kg7 22.
Na2 Rfc8 23. Rfc1 Qb6 24. Bd1 g5 25. h3 h5 26. Rxc8 Rxc8 27. Rxc8 Bxc8 28. Qc2
g4 29. hxg4 hxg4 30. Ne1 a5 31. Nd3 Kh6 32. b4 Kg5 33. Qd2 Qd4 34. Nc3 axb4 35.
axb4 Bd7 36. g3 Ng6 37. Bc2 Kh6 38. Ne2 Qa7 39. Kb2 Kg7 40. Qd1 fxg3 41. fxg3
Qe3 42. Qf1 Qxe4 43. Nc3 Qe3 44. Qf2 1/2-1/2

[Event "Krajsky prebor jednotlivcu KHSS"]
[Site "Janske Lazne"]
[Date "2015.05.10"]
[Round "8.17"]
[White "Stradej, Vlastimil"]
[Black "Portych, Vaclav"]
[Result "1/2-1/2"]
[WhiteElo "2013"]
[BlackElo "1877"]
[PlyCount "69"]
[EventDate "2015.05.05"]

1. Nf3 Nf6 2. d4 e6 3. e3 b6 4. Bd3 Bb4+ 5. c3 Be7 6. O-O Bb7 7. Nbd2 O-O 8.
Qe2 d5 9. e4 dxe4 10. Nxe4 Nbd7 11. Re1 c5 12. Neg5 h6 13. Nxe6 Bxf3 14. gxf3
fxe6 15. Qxe6+ Kh8 16. Bf4 Re8 17. Bg6 Nf8 18. Qf7 Nxg6 19. Qxg6 Ng8 20. Be5
Bf6 21. f4 cxd4 22. cxd4 Rc8 23. Re3 Re7 24. Rae1 Qe8 25. Qf5 Qd7 26. Qh5 Rc4
27. b3 Rc2 28. a4 Re8 29. d5 Rec8 30. d6 Rd2 31. R3e2 Rcc2 32. Rxd2 Rxd2 33.
Rc1 Rxd6 34. Bxd6 Qxd6 35. Qf3 1/2-1/2

[Event "Krajsky prebor jednotlivcu KHSS"]
[Site "Janske Lazne"]
[Date "2015.05.10"]
[Round "8.18"]
[White "Solc, Filip"]
[Black "Matejovsky, Ondrej"]
[Result "0-1"]
[WhiteElo "1816"]
[BlackElo "1975"]
[PlyCount "120"]
[EventDate "2015.05.05"]

1. e4 e5 2. Nf3 Nf6 3. Nxe5 d6 4. Nf3 Nxe4 5. Qe2 Qe7 6. d3 Nf6 7. Bg5 Qxe2+ 8.
Bxe2 Be7 9. Nc3 c6 10. O-O-O Be6 11. Rhe1 Nbd7 12. Nd4 O-O 13. Bf3 Ne5 14. Nxe6
fxe6 15. d4 Nxf3 16. gxf3 Kf7 17. Re2 Nd5 18. Ne4 h6 19. Bd2 Ke8 20. c4 Nf4 21.
Bxf4 Rxf4 22. c5 Kd7 23. cxd6 Bxd6 24. Nc5+ Bxc5 25. dxc5+ Ke7 26. Rd6 Rc4+ 27.
Kb1 Rxc5 28. Rexe6+ Kf7 29. Re4 Rd5 30. Rde6 Rd7 31. Kc2 Rad8 32. Re2 Rd2+ 33.
Kc1 Rd1+ 34. Kc2 R8d2+ 35. Kc3 Rd3+ 36. Kc4 Rd4+ 37. Kc5 Rd5+ 38. Kb4 R1d4+ 39.
Ka3 Rd7 40. R6e4 Rd3+ 41. Kb4 Rxf3 42. h4 g6 43. Kc4 Rf5 44. Kc3 Rfd5 45. Rf4+
Kg7 46. Re6 Rf7 47. Rxf7+ Kxf7 48. Re4 Kf6 49. Rf4+ Rf5 50. Re4 Rf3+ 51. Kd2 b5
52. Ke2 Rf5 53. Rd4 Re5+ 54. Kf3 Rd5 55. Rb4 a5 56. Rb3 Rd4 57. Kg3 Ke5 58. Rf3
Rd2 59. Re3+ Kd4 60. Rc3 Rd3+ 0-1

[Event "Krajsky prebor jednotlivcu KHSS"]
[Site "Janske Lazne"]
[Date "2015.05.10"]
[Round "8.19"]
[White "Tichy, Miroslav"]
[Black "Vit, Jakub"]
[Result "1-0"]
[WhiteElo "1957"]
[BlackElo "1720"]
[PlyCount "79"]
[EventDate "2015.05.05"]

1. c4 Nf6 2. Nc3 e6 3. e4 Nc6 4. d4 Bb4 5. Bg5 h6 6. Bxf6 Qxf6 7. Nf3 d6 8. Be2
Bxc3+ 9. bxc3 b6 10. O-O Bb7 11. d5 Ne5 12. Nd4 O-O 13. f4 Nd7 14. Bg4 Nc5 15.
Qc2 Qg6 16. Bf3 a6 17. Rae1 Rae8 18. Re2 Qf6 19. Bg4 Qh4 20. Bh3 g6 21. dxe6
Nxe6 22. Nxe6 fxe6 23. e5 Kg7 24. exd6 cxd6 25. Qd2 Qd8 26. Bxe6 d5 27. Bxd5
Rxe2 28. Qxe2 Bxd5 29. Qe5+ Kh7 30. Qxd5 Qc7 31. f5 g5 32. Qe6 Qc5+ 33. Kh1 Rg8
34. f6 Rf8 35. h3 Qc7 36. f7 Qd8 37. Rf6 Qd1+ 38. Kh2 Qh5 39. Qf5+ Kg7 40. g4
1-0

[Event "Krajsky prebor jednotlivcu KHSS"]
[Site "Janske Lazne"]
[Date "2015.05.10"]
[Round "8.20"]
[White "Palla, Rostislav"]
[Black "Stanek, Petr"]
[Result "1-0"]
[WhiteElo "1740"]
[BlackElo "1902"]
[PlyCount "105"]
[EventDate "2015.05.05"]

1. e4 e5 2. Nf3 Nc6 3. Bb5 a6 4. Ba4 d6 5. c3 f5 6. exf5 Bxf5 7. O-O Be7 8. d4
b5 9. Bb3 e4 10. Bd5 Qd7 11. Ng5 Bxg5 12. Bxg5 Nf6 13. Bxf6 gxf6 14. Re1 O-O-O
15. Bxe4 Bxe4 16. Rxe4 d5 17. Re3 Rhg8 18. Nd2 f5 19. Qf3 Rg4 20. h3 Rg6 21.
Qf4 Rdg8 22. g3 Nd8 23. Rae1 Nc6 24. Nb3 Qf7 25. Nc5 a5 26. Re6 Kb8 27. Kh2 Ka7
28. Qf3 Rxe6 29. Rxe6 f4 30. g4 Nb8 31. Qxd5 c6 32. Qd6 Rg7 33. Qd8 Qc7 34.
Qxc7+ Rxc7 35. Rf6 Nd7 36. Nxd7 Rxd7 37. Rxc6 Re7 38. Rc5 Kb6 39. Re5 Rf7 40.
Kg2 f3+ 41. Kg3 b4 42. Rf5 Rc7 43. Rxf3 Kb5 44. Re3 Kc4 45. f4 Rd7 46. f5 b3
47. a3 a4 48. Kf4 h5 49. g5 h4 50. g6 Rb7 51. Kg5 Rb5 52. g7 Rb8 53. f6 1-0

[Event "Krajsky prebor jednotlivcu KHSS"]
[Site "Janske Lazne"]
[Date "2015.05.10"]
[Round "8.22"]
[White "Martinovsky, Miroslav"]
[Black "Sadil, Jan"]
[Result "1-0"]
[WhiteElo "1854"]
[BlackElo "1705"]
[PlyCount "29"]
[EventDate "2015.05.05"]

1. d4 d5 2. Nf3 Nf6 3. c4 e6 4. e3 Be7 5. Nbd2 O-O 6. Bd3 Nbd7 7. b3 b6 8. cxd5
Nxd5 9. O-O Bb7 10. Bb2 c5 11. Rc1 cxd4 12. Nxd4 Nc5 13. Bb1 Bf6 14. Qc2 Rc8
15. Qxh7# 1-0

[Event "Krajsky prebor jednotlivcu KHSS"]
[Site "Janske Lazne"]
[Date "2015.05.10"]
[Round "8.23"]
[White "Bulockin, Martin"]
[Black "Tobiskova, Petra"]
[Result "0-1"]
[WhiteElo "1789"]
[BlackElo "1777"]
[PlyCount "80"]
[EventDate "2015.05.05"]

1. e4 e5 2. Nf3 Nf6 3. Nc3 Bb4 4. Bc4 d6 5. d3 O-O 6. h3 Nc6 7. Bd2 Be6 8. Bb3
Qd7 9. Qe2 h6 10. O-O-O Bxb3 11. axb3 a5 12. g4 Bxc3 13. bxc3 a4 14. Kb2 Na5
15. Be3 axb3 16. cxb3 Nxb3 17. Qc2 Na5 18. c4 c5 19. g5 Nh5 20. gxh6 g6 21. Ra1
b5 22. Kc3 bxc4 23. dxc4 Qe6 24. Kd3 Rfb8 25. Nd2 Nc6 26. Rxa8 Rxa8 27. Ke2
Nf4+ 28. Kf1 Ra1+ 29. Nb1 Nb4 30. Qb3 Nxh3 31. h7+ Kxh7 32. Bxc5 dxc5 33. Rxh3+
Kg7 34. Rg3 f5 35. f3 fxe4 36. fxe4 Qf6+ 37. Kg1 Qf4 38. Kh2 Ra2+ 39. Kh1 Qxe4+
40. Qf3 Qe1+ 0-1